[Event "SC Lünen Horstmar 1 - SF Brackel 3"]
[Site "Verbandsklasse, Gruppe 3 2017"]
[Date "2018.04.29"]
[Round "9.7"]
[White "Slanina, Aaron"]
[Black "Hagedorn, Dirk"]
[Result "1/2-1/2"]
[WhiteElo "1804"]
[BlackElo "1721"]
[PlyCount "101"]
[EventDate "2018.??.??"]

1. e4 d6 2. Nc3 Nf6 3. Bc4 e5 4. d3 Nc6 5. f4 exf4 6. Bxf4 Ne5 7. Bb3 Bg4 8.
Qd2 Ng6 9. Be3 Be6 10. h3 Bxb3 11. axb3 a6 12. Nf3 Be7 13. Qf2 Nh5 14. Nd5 Nf6
15. Nxe7 Qxe7 16. O-O O-O 17. Nd4 Nd7 18. Nf5 Qe6 19. Qg3 Qe5 20. Qf2 Qe6 21.
Bd4 f6 22. Qg3 Kh8 23. Bc3 Rg8 24. Rae1 Ne7 25. Nd4 Qf7 26. Rf2 Qg6 27. Qf4 Qf7
28. Kh2 Ng6 29. Qf5 Rae8 30. Nf3 Qe6 31. Rfe2 Qxf5 32. exf5 Rxe2 33. Rxe2 Nge5
34. Nxe5 dxe5 35. Re4 c5 36. b4 Rc8 37. Kg3 Kg8 38. Kf3 Kf7 39. g4 cxb4 40.
Rxb4 b5 41. d4 exd4 42. Rxd4 Ne5+ 43. Ke4 Nc6 44. Rd7+ Kf8 45. Kd5 b4 46. Bd2
a5 47. c3 Ne5 48. Rb7 Rd8+ 49. Ke6 Re8+ 50. Kd5 Rd8+ 51. Ke6 1/2-1/2

[Event "SC Lünen Horstmar 1 - SF Brackel 3"]
[Site "Verbandsklasse, Gruppe 3 2017"]
[Date "2018.04.29"]
[Round "9.8"]
[White "Steinzen, Johannes"]
[Black "Strack, Patrick"]
[Result "1/2-1/2"]
[WhiteElo "1771"]
[BlackElo "1742"]
[Annotator "Daniel"]
[PlyCount "68"]
[EventDate "2018.??.??"]

1. d4 d5 2. Nf3 Nf6 3. e3 e6 4. Bd3 c5 5. c3 Nc6 6. Nbd2 b6 7. O-O Bb7 8. Re1
Bd6 9. dxc5 bxc5 10. e4 Qc7 11. Qe2 dxe4 12. Nxe4 Nxe4 13. Bxe4 h6 14. Be3 O-O
15. Rad1 Rfd8 16. h3 Ne7 17. Bxb7 Qxb7 18. Bc1 Ng6 19. Qc4 Rd7 20. Rd3 Rad8 21.
Red1 e5 22. Ne1 e4 23. R3d2 Ne5 24. Qe2 c4 25. Rd4 $11 Bc5 26. Rxd7 Rxd7 27.
Rxd7 Qxd7 28. Be3 Bxe3 29. Qxe3 Qb7 30. b4 cxb3 31. axb3 Qxb3 32. Qxa7 Qxc3 33.
Qa8+ Kh7 34. Qxe4+ g6 1/2-1/2

[Event "SG Mengede 1 - SG Winz-Baak 1"]
[Site "Verbandsklasse, Gruppe 3 2017"]
[Date "2018.04.29"]
[Round "9.1"]
[White "Schwake, Peter"]
[Black "Borgschulze, Maik"]
[Result "0-1"]
[WhiteElo "1854"]
[BlackElo "2131"]
[PlyCount "78"]
[EventDate "2018.??.??"]

1. d4 Nf6 2. c4 g6 3. Nc3 Bg7 4. e4 d6 5. Nf3 O-O 6. Be2 e5 7. d5 a5 8. O-O Na6
9. Ne1 Nc5 10. f3 Ne8 11. Nd3 f5 12. Be3 b6 13. Nxc5 dxc5 14. Qc2 Bd7 15. b3
Nd6 16. a3 Rf7 17. Rab1 Qf8 18. Nb5 Bxb5 19. cxb5 Bh6 20. Bf2 fxe4 21. b4 axb4
22. axb4 exf3 23. Bxf3 cxb4 24. Rxb4 Kh8 25. Qb2 Bg7 26. Be4 Rf4 27. Re1 Qf7
28. Bf3 Rxb4 29. Qxb4 Ra5 30. Bg3 Rxb5 31. Qh4 Qf6 32. Qg4 Qf5 33. Qxf5 Nxf5
34. Bxe5 Bxe5 35. Rxe5 Rc5 36. Kf2 Kg7 37. g4 Rc2+ 38. Re2 Rxe2+ 39. Bxe2 Ne7
0-1

[Event "SG Mengede 1 - SG Winz-Baak 1"]
[Site "Verbandsklasse, Gruppe 3 2017"]
[Date "2018.04.29"]
[Round "9.2"]
[White "Pauling, Markus"]
[Black "Kotzem, Ernst"]
[Result "1-0"]
[WhiteElo "2182"]
[BlackElo "1754"]
[PlyCount "107"]
[EventDate "2018.??.??"]

1. e4 e5 2. Bc4 Nf6 3. d4 d6 4. dxe5 dxe5 5. Bxf7+ Kxf7 6. Qxd8 Bb4+ 7. Qd2
Bxd2+ 8. Nxd2 Nc6 9. c3 b6 10. f3 Ba6 11. b3 Rad8 12. Nh3 h6 13. Nf2 g5 14. Nf1
Kg6 15. Be3 h5 16. Rd1 Rxd1+ 17. Kxd1 h4 18. Nd2 Nh5 19. Kc2 Nf4 20. Bxf4 gxf4
21. Rg1 Kf6 22. g3 hxg3 23. hxg3 fxg3 24. Rxg3 Ne7 25. Ng4+ Ke6 26. Ne3 Rh2 27.
Rg2 Rxg2 28. Nxg2 Ng6 29. c4 c5 30. Kd3 Nf4+ 31. Nxf4+ exf4 32. a4 Bc8 33. Nb1
Ke5 34. Nc3 Bd7 35. Nb5 a6 36. Nc7 Kd6 37. Nd5 b5 38. axb5 axb5 39. Nxf4 Ke5
40. Ne2 bxc4+ 41. bxc4 Bc6 42. f4+ Ke6 43. Nc3 Be8 44. Ke3 Bc6 45. Nd5 Ba4 46.
Kd3 Bd1 47. Nc3 Bg4 48. Ke3 Bh3 49. e5 Bf1 50. Ne2 Bh3 51. Ng3 Bg2 52. Ne4 Bf1
53. Nxc5+ Kf5 54. Ne4 1-0

[Event "SG Mengede 1 - SG Winz-Baak 1"]
[Site "Verbandsklasse, Gruppe 3 2017"]
[Date "2018.04.29"]
[Round "9.3"]
[White "Groß, Michael"]
[Black "Delvos, Thorsten"]
[Result "0-1"]
[WhiteElo "1682"]
[BlackElo "1972"]
[PlyCount "52"]
[EventDate "2018.??.??"]

1. e4 c5 2. d4 cxd4 3. c3 Nf6 4. e5 Nd5 5. Nf3 Nc6 6. Bc4 Nb6 7. Bb3 d6 8. e6
Bxe6 9. Bxe6 fxe6 10. Ng5 Qd7 11. cxd4 e5 12. dxe5 Nxe5 13. Qb3 Qf5 14. Qb5+
Kd8 15. Nc3 Rc8 16. f4 Rxc3 17. fxe5 Rc5 18. Qb3 Rxe5+ 19. Kd1 Qg4+ 20. Kc2
Qxg2+ 21. Kd3 Rd5+ 22. Kc3 Qxh1 23. Nf7+ Ke8 24. Nxh8 Qe1+ 25. Kc2 Qd1+ 26. Kc3
Qd3+ 0-1

[Event "SG Mengede 1 - SG Winz-Baak 1"]
[Site "Verbandsklasse, Gruppe 3 2017"]
[Date "2018.04.29"]
[Round "9.4"]
[White "Weinert, Christian"]
[Black "Wesener, Rainer"]
[Result "1-0"]
[WhiteElo "1973"]
[BlackElo "1697"]
[PlyCount "51"]
[EventDate "2018.??.??"]

1. c4 f5 2. g3 e6 3. Bg2 Nf6 4. e3 Be7 5. d3 O-O 6. Nf3 d6 7. b4 e5 8. O-O Qe8
9. Nc3 Qh5 10. Nd2 Qh6 11. Nb3 Bd8 12. c5 Na6 13. Na5 c6 14. Nc4 d5 15. Nxe5 g5
16. Rb1 Bc7 17. Nf3 f4 18. exf4 gxf4 19. Ne2 Nh5 20. Ned4 Qg7 21. Bb2 Qf7 22.
Qd2 fxg3 23. fxg3 Qg6 24. Nh4 Qe8 25. Qg5+ Ng7 26. Ne6 1-0

[Event "SG Mengede 1 - SG Winz-Baak 1"]
[Site "Verbandsklasse, Gruppe 3 2017"]
[Date "2018.04.29"]
[Round "9.5"]
[White "Franke, Wolfgang"]
[Black "Bork, Sophie"]
[Result "0-1"]
[WhiteElo "1830"]
[BlackElo "2003"]
[Annotator "Daniel"]
[PlyCount "93"]
[EventDate "2018.??.??"]

1. d4 d5 2. Nc3 Nf6 3. Bg5 e6 4. e4 dxe4 5. Nxe4 Be7 6. Bxf6 Bxf6 7. Nf3 Bd7 8.
Bd3 Bc6 9. Qe2 Bxd4 10. c3 Bf6 11. O-O-O Qe7 12. g4 Bxe4 13. Bxe4 c6 14. h4 g6
15. g5 Bg7 16. h5 Nd7 17. h6 Be5 18. Kb1 Bc7 19. Rhg1 $11 Bb6 20. Nd2 O-O-O 21.
b4 Kb8 22. Kb2 Rc8 23. Rg3 c5 24. b5 Bc7 25. Rg2 Nb6 26. Nc4 Rhd8 27. Rxd8 Rxd8
28. Nxb6 Bxb6 29. Rg3 c4 30. Bc2 Qc5 31. a4 Rd7 32. Qe3 Qd5 33. Qf3 Qd2 34. Rg4
Qxf2 35. Qe4 Qc5 36. Qf4+ Bc7 37. Qf6 Bd6 38. Qh8+ Bf8 39. Rd4 Rxd4 40. Qxd4
Qxd4 41. cxd4 Kc7 42. Kc3 Be7 43. Kxc4 Bxg5 44. Kd3 Kd6 45. a5 b6 46. axb6 axb6
47. Bb3 0-1

[Event "SG Mengede 1 - SG Winz-Baak 1"]
[Site "Verbandsklasse, Gruppe 3 2017"]
[Date "2018.04.29"]
[Round "9.6"]
[White "Ewers, Christian"]
[Black "Haupt, Horst-Peter"]
[Result "0-1"]
[WhiteElo "1733"]
[BlackElo "1656"]
[PlyCount "92"]
[EventDate "2018.??.??"]

1. d4 d5 2. g3 Nf6 3. Bg2 c6 4. e3 e6 5. Ne2 Bd6 6. O-O O-O 7. c3 Nbd7 8. Nd2
e5 9. f3 Re8 10. Re1 exd4 11. exd4 Nf8 12. Nf1 h6 13. g4 N6h7 14. Be3 Ng6 15.
Qd3 Bd7 16. h3 Nh4 17. Bf2 Qf6 18. Bg3 Bxg3 19. Nfxg3 Re7 20. f4 Rae8 21. Nf1
g5 22. f5 Qd6 23. Bh1 Nf6 24. Qg3 Qxg3+ 25. Nfxg3 h5 26. gxh5 Nxf5 27. Kf2 Nxg3
28. Nxg3 Rxe1 29. Rxe1 Rxe1 30. Kxe1 Bxh3 31. Bf3 Bg4 32. Bxg4 Nxg4 33. Nf5 Nf6
34. h6 Ne4 35. Ke2 Kh7 36. Ke3 Kg6 37. c4 Nf6 38. Nd6 dxc4 39. Nxb7 Nd5+ 40.
Kf3 Kxh6 41. Nd8 f5 42. Nxc6 g4+ 43. Kf2 a6 44. a4 Kg5 45. a5 Kf4 46. Ne5 Ne3
0-1

[Event "SG Mengede 1 - SG Winz-Baak 1"]
[Site "Verbandsklasse, Gruppe 3 2017"]
[Date "2018.04.29"]
[Round "9.7"]
[White "Suessmann, Holger"]
[Black "Wiktor, Reinhard"]
[Result "0-1"]
[WhiteElo "1564"]
[BlackElo "1718"]
[PlyCount "78"]
[EventDate "2018.??.??"]

1. e4 g6 2. d4 Bg7 3. Nc3 d6 4. Be3 Nf6 5. Qd2 Ng4 6. Bf4 e5 7. dxe5 Nxe5 8.
Bh6 O-O 9. Bxg7 Kxg7 10. O-O-O a6 11. f4 Nec6 12. Nf3 Bg4 13. h3 Bxf3 14. gxf3
Nd7 15. h4 Nf6 16. e5 dxe5 17. Qg2 Qe7 18. h5 exf4 19. hxg6 fxg6 20. Qg5 Ng8
21. Qg4 Ne5 22. Qh3 h6 23. Bc4 h5 24. Rdg1 Nf6 25. Nd5 Qd7 26. Nxf4 Qxh3 27.
Rxh3 Nxc4 28. Ne6+ Kf7 29. Nxf8 Rxf8 30. Rhg3 Ne5 31. R3g2 Nxf3 32. Rf1 Nd4 33.
Rfg1 Rg8 34. Rf1 Nf5 35. Rf4 h4 36. Rc4 Nd5 37. Rd2 c6 38. Rg4 Re8 39. c4 Re1+
0-1

[Event "SG Mengede 1 - SG Winz-Baak 1"]
[Site "Verbandsklasse, Gruppe 3 2017"]
[Date "2018.04.29"]
[Round "9.8"]
[White "Fizkalinez, Ivan"]
[Black "Weißer, Willibald"]
[Result "1/2-1/2"]
[WhiteElo "1222"]
[BlackElo "1398"]
[PlyCount "34"]
[EventDate "2018.??.??"]

1. e4 e6 2. Nc3 d6 3. Nf3 Nf6 4. h3 Be7 5. Be2 a6 6. d4 O-O 7. Bg5 b5 8. a3
Nbd7 9. Qd3 Bb7 10. Nh2 c5 11. dxc5 Nxc5 12. Qe3 Rc8 13. f3 Ne8 14. Bxe7 Qxe7
15. O-O-O Bc6 16. g4 Nf6 17. h4 e5 1/2-1/2

[Event "SV Bochum-Linden 1 - Hervest-Dorstener "]
[Site "Verbandsklasse, Gruppe 3 2017"]
[Date "2018.04.29"]
[Round "9.1"]
[White "Doering, Carsten"]
[Black "Hahn, Matthias"]
[Result "1/2-1/2"]
[WhiteElo "1954"]
[BlackElo "2091"]
[Annotator "Daniel"]
[PlyCount "60"]
[EventDate "2018.??.??"]

1. d4 d5 2. c4 e6 3. cxd5 exd5 4. Nc3 Nf6 5. Bg5 c6 6. Qc2 Be6 7. e3 Nbd7 8.
Bd3 h6 9. Bh4 g5 10. Bg3 Nh5 11. Nge2 Nxg3 12. Nxg3 h5 13. Bf5 Qf6 14. e4 h4
15. exd5 cxd5 $11 16. Bxe6 Qxe6+ 17. Nge2 Nb6 18. O-O Bd6 19. Nf4 Qd7 20. Nfxd5
Nxd5 21. Nxd5 Bxh2+ 22. Kxh2 Qxd5 23. Rfe1+ Kf8 24. Qc7 h3 25. Qe7+ Kg8 26.
gxh3 Rxh3+ 27. Kxh3 Qf3+ 28. Kh2 Qxf2+ 29. Kh3 Qf3+ 30. Kh2 Qf2+ 1/2-1/2

[Event "SV Bochum-Linden 1 - Hervest-Dorstener "]
[Site "Verbandsklasse, Gruppe 3 2017"]
[Date "2018.04.29"]
[Round "9.2"]
[White "Boehm, Ingo"]
[Black "Hermanowski, Mark"]
[Result "0-1"]
[WhiteElo "2034"]
[BlackElo "1860"]
[PlyCount "126"]
[EventDate "2018.??.??"]

1. e4 e6 2. d4 b6 3. Bd3 Bb7 4. Be3 h6 5. Ne2 g5 6. O-O Nf6 7. Nbc3 Qe7 8. Ng3
d6 9. e5 Nd5 10. Nxd5 Bxd5 11. f4 Nd7 12. Ba6 gxf4 13. Bxf4 dxe5 14. dxe5 Qb4
15. Qe2 Qxb2 16. Rad1 Bc6 17. Ne4 Be7 18. Qc4 Nc5 19. Rb1 Qa3 20. Bb5 Bxb5 21.
Qxb5+ Nd7 22. Qc4 O-O-O 23. Rf3 Bc5+ 24. Kh1 Qa5 25. h3 Nb8 26. Rc3 Rd4 27.
Nd6+ Kd7 28. Rd3 Rxd3 29. Nb7 Qa3 30. Nxc5+ Qxc5 31. Qxd3+ Qd5 32. Qe2 Kc8 33.
c4 Qc5 34. Rf1 Nc6 35. Qf3 Kb8 36. Qe4 Rd8 37. Bxh6 Nxe5 38. Be3 Qxc4 39. Qb1
Qd3 40. Qe1 Qd5 41. Qg3 Rd7 42. Qf2 f5 43. Qg3 Nc4 44. Bh6 Nd6 45. a3 Ne4 46.
Qg6 Kb7 47. Kh2 Rd6 48. Bc1 Rc6 49. Qg7 Qd3 50. Re1 Qd6+ 51. Kg1 Ng3 52. Qb2
Qd3 53. Bf4 Rc2 54. Qe5 Ne2+ 55. Kh2 Nxf4 56. Qxf4 Qd5 57. Qf1 e5 58. Rc1 Rxc1
59. Qxc1 e4 60. Qf4 Qe6 61. h4 Kc6 62. Qc1+ Kd7 63. Qd1+ Qd6+ 0-1

[Event "SV Bochum-Linden 1 - Hervest-Dorstener "]
[Site "Verbandsklasse, Gruppe 3 2017"]
[Date "2018.04.29"]
[Round "9.3"]
[White "Hater, Norbert"]
[Black "Schreck, Roland"]
[Result "1/2-1/2"]
[WhiteElo "1842"]
[BlackElo "2123"]
[PlyCount "116"]
[EventDate "2018.??.??"]

1. d4 g6 2. e4 Bg7 3. f4 d5 4. exd5 Qxd5 5. Nf3 Bg4 6. Be2 Nc6 7. c3 Nf6 8.
Nbd2 O-O 9. O-O Rad8 10. Nc4 Qd7 11. Nfe5 Bxe2 12. Qxe2 Qd5 13. Ne3 Qe4 14. Bd2
Nxe5 15. fxe5 Nd5 16. Rae1 Nf4 17. Qg4 Qd3 18. Bc1 Nd5 19. Nxd5 Rxd5 20. Re3
Qa6 21. a3 c5 22. dxc5 Rxc5 23. Rfe1 Qb6 24. Kh1 Rd8 25. R3e2 Qc7 26. Bf4 e6
27. h4 Rdd5 28. Qg3 h5 29. Kh2 Rc4 30. Re4 Rxe4 31. Rxe4 b5 32. Qe1 Qd7 33. Qf2
a6 34. Qb6 Qd8 35. Qxd8+ Rxd8 36. Kg3 Rd5 37. Kf3 Kf8 38. Rd4 f6 39. Rxd5 exd5
40. exf6 Bxf6 41. g3 Kf7 42. Be3 Ke6 43. Bf2 Kf5 44. Bc5 Be5 45. Be3 Bd6 46.
Bb6 g5 47. hxg5 Kxg5 48. Bd8+ Kf5 49. Bb6 Be5 50. Ba5 Bb8 51. b3 Ke5 52. a4 d4
53. axb5 axb5 54. c4 bxc4 55. bxc4 Ba7 56. Bc7+ Kf5 57. Bf4 Bc5 58. Bd2 Bd6
1/2-1/2

[Event "SV Bochum-Linden 1 - Hervest-Dorstener "]
[Site "Verbandsklasse, Gruppe 3 2017"]
[Date "2018.04.29"]
[Round "9.4"]
[White "Schmidt, Ralph"]
[Black "Vengels, Joachim"]
[Result "1-0"]
[WhiteElo "1896"]
[BlackElo "1973"]
[PlyCount "95"]
[EventDate "2018.??.??"]

1. e4 c6 2. Nc3 d5 3. Qf3 d4 4. Bc4 e6 5. Nce2 c5 6. d3 Nc6 7. Qg3 Nge7 8. Nh3
Ng6 9. f4 Qh4 10. O-O Qxg3 11. Nxg3 Bd6 12. f5 Bxg3 13. fxg6 Bxh2+ 14. Kxh2
hxg6 15. Kg1 f6 16. Bb5 Bd7 17. Bxc6 Bxc6 18. Bd2 e5 19. Kf2 Bd7 20. Kg3 Ba4
21. Nf2 Ke7 22. Rab1 Rac8 23. b3 Bd7 24. Rh1 Kd6 25. Rxh8 Rxh8 26. Rh1 Rxh1 27.
Nxh1 Be6 28. Kf3 Bf7 29. a3 Kc6 30. b4 c4 31. b5+ Kxb5 32. Bb4 c3 33. Bf8 Bb3
34. cxb3 c2 35. a4+ Ka5 36. Ba3 c1=Q 37. Bxc1 Kb4 38. Bd2+ Kxb3 39. a5 b5 40.
axb6 axb6 41. Ke2 f5 42. Ng3 f4 43. Nh1 g5 44. Nf2 b5 45. Kd1 b4 46. Ng4 Ka3
47. Kc1 b3 48. Kb1 1-0

[Event "SV Bochum-Linden 1 - Hervest-Dorstener "]
[Site "Verbandsklasse, Gruppe 3 2017"]
[Date "2018.04.29"]
[Round "9.5"]
[White "Heiming, Thomas"]
[Black "Marx, Henning"]
[Result "1/2-1/2"]
[WhiteElo "1853"]
[BlackElo "1946"]
[Annotator "Daniel"]
[PlyCount "81"]
[EventDate "2018.??.??"]

1. e4 d5 2. exd5 Qxd5 3. Nf3 Bg4 4. Be2 Nf6 5. Nc3 Qa5 6. h3 Bh5 7. Nd4 Bg6 8.
d3 c6 9. Bd2 Qb6 10. Nb3 e6 11. a3 Bd6 12. Be3 Qc7 13. Qd2 Nbd7 14. O-O-O Nd5
15. Nxd5 cxd5 16. h4 h6 17. Kb1 Nc5 18. Nxc5 Bxc5 19. Qc3 Rc8 20. h5 Bxe3 21.
Qxc7 Rxc7 22. fxe3 Bf5 23. Rdf1 Ke7 24. Rf2 Rhc8 25. Bd1 f6 26. Rhf1 $11 Bh7
27. Rf4 e5 28. R4f2 Bg8 29. Bg4 Rb8 30. c3 b5 31. Bf5 a5 32. Rc1 Bf7 33. g4 Rb6
34. Rfc2 Rbc6 35. d4 e4 36. b3 Kd6 37. Kb2 Rb6 38. Ka2 Rbc6 39. Kb2 Rb6 40. Ka2
Rbc6 41. Kb2 1/2-1/2

[Event "SV Bochum-Linden 1 - Hervest-Dorstener "]
[Site "Verbandsklasse, Gruppe 3 2017"]
[Date "2018.04.29"]
[Round "9.6"]
[White "Hochstein, Udo"]
[Black "Schmidt, Christian"]
[Result "1-0"]
[WhiteElo "1896"]
[BlackElo "1691"]
[PlyCount "157"]
[EventDate "2018.??.??"]

1. d4 Nf6 2. c4 c5 3. d5 b5 4. cxb5 a6 5. bxa6 g6 6. b3 d6 7. Bb2 Bg7 8. g3
Nbd7 9. Bg2 Bxa6 10. Nh3 O-O 11. O-O Nb6 12. Nf4 Qc7 13. h4 Rfb8 14. Bc3 c4 15.
b4 Bb5 16. Bd4 Na4 17. Nc3 Nxc3 18. Bxc3 Ra3 19. Bb2 Ra4 20. Qd2 Rba8 21. Bc3
Ra3 22. Rfc1 Qa7 23. Bf3 Nd7 24. Bxg7 Kxg7 25. Rc2 Ne5 26. Kg2 Bd7 27. Be4 Ng4
28. e3 Ne5 29. h5 Qb6 30. Ne2 f5 31. Bf3 Ba4 32. Rcc1 Bb3 33. h6+ Kf7 34. Nd4
Rxa2 35. Rxa2 Rxa2 36. Qc3 Ra3 37. Rf1 Ra4 38. b5 Qa5 39. Qxa5 Rxa5 40. Rb1 Nd7
41. Nxb3 cxb3 42. Rxb3 Nb6 43. e4 Kf6 44. Rb4 Ra4 45. Rxa4 Nxa4 46. Bd1 Nb6 47.
f3 fxe4 48. fxe4 Kg5 49. Kf3 Kxh6 50. Kf4 Kg7 51. g4 Kf6 52. g5+ Kg7 53. Bf3
Kf7 54. e5 Ke8 55. e6 Na4 56. Ke3 Kd8 57. Kd4 Kc7 58. Bd1 Nc5 59. Be2 Kb6 60.
Bf1 Nb3+ 61. Kc3 Nc5 62. Kd4 Kc7 63. Be2 Kd8 64. Bf1 Ke8 65. Be2 Kf8 66. Bf3
Na4 67. Kc4 Kg7 68. Kb4 Nc5 69. b6 h6 70. gxh6+ Kxh6 71. Kb5 g5 72. Kc6 Kg6 73.
b7 Na6 74. Kd7 Kf6 75. Kc8 Ke5 76. b8=Q Nxb8 77. Kxb8 g4 78. Bh1 g3 79. Kc7 1-0

[Event "SV Bochum-Linden 1 - Hervest-Dorstener "]
[Site "Verbandsklasse, Gruppe 3 2017"]
[Date "2018.04.29"]
[Round "9.7"]
[White "Buesken, Klaus"]
[Black "Pappert, Thomas"]
[Result "1/2-1/2"]
[WhiteElo "1795"]
[BlackElo "1782"]
[Annotator "Daniel"]
[PlyCount "78"]
[EventDate "2018.??.??"]

1. Nf3 c5 2. b3 Nc6 3. Bb2 d6 4. g3 e5 5. d3 f5 6. e3 Nf6 7. c4 g6 8. Bg2 Bg7
9. O-O O-O 10. a3 Rb8 11. Nc3 a6 12. Nd2 Be6 13. Nd5 Qd7 14. Nxf6+ Bxf6 15. Bc3
b5 16. Qc2 d5 17. cxd5 Bxd5 18. e4 Be6 19. exf5 gxf5 20. Nf3 Nd4 21. Nxd4 cxd4
22. Bd2 Rfc8 23. Qd1 Qf7 24. Rb1 Bd5 25. Bxd5 Qxd5 26. Re1 Rb7 27. Rc1 Rbc7 28.
Rxc7 Rxc7 29. Qb1 Qf3 30. Rc1 Qb7 31. Rxc7 Qxc7 32. f3 Kf7 33. Qc1 $11 Qxc1+
34. Bxc1 Ke6 35. g4 Bh4 36. h3 Be1 37. Kf1 Bg3 38. Bd2 f4 39. Be1 Bxe1 1/2-1/2

[Event "SV Bochum-Linden 1 - Hervest-Dorstener "]
[Site "Verbandsklasse, Gruppe 3 2017"]
[Date "2018.04.29"]
[Round "9.8"]
[White "Crell, Helmut"]
[Black "Vallery, Helmut"]
[Result "1-0"]
[WhiteElo "1619"]
[BlackElo "1627"]
[PlyCount "85"]
[EventDate "2018.??.??"]

1. f4 d5 2. Nf3 Nf6 3. e3 Nc6 4. b3 Bg4 5. Bb2 d4 6. exd4 Nxd4 7. Bxd4 Bxf3 8.
Qxf3 Qxd4 9. Qxb7 Rd8 10. Bb5+ Nd7 11. Nc3 e6 12. Qe4 Bc5 13. Qxd4 Bxd4 14.
O-O-O Bxc3 15. dxc3 Ke7 16. Rxd7+ Rxd7 17. Bxd7 Kxd7 18. Rd1+ Ke7 19. Rd4 c6
20. Kd2 Rd8 21. Ke3 f6 22. Rxd8 Kxd8 23. Kd4 Kd7 24. c4 h6 25. c5 g5 26. g3
gxf4 27. gxf4 h5 28. b4 Kc7 29. c4 a6 30. a4 Kb7 31. b5 cxb5 32. cxb5 axb5 33.
axb5 Kc7 34. Ke4 Kd7 35. Kf3 Kc7 36. Kg3 Kd7 37. Kh4 e5 38. fxe5 fxe5 39. Kg3
Ke6 40. Kf3 Kd5 41. b6 e4+ 42. Ke3 Kxc5 43. b7 1-0

[Event "SC Buer-Hassel 1 - SC Rochade Rüttensch"]
[Site "Verbandsklasse, Gruppe 3 2017"]
[Date "2018.04.29"]
[Round "9.1"]
[White "Dergatschova, Anna"]
[Black "Griebl, Joern"]
[Result "1-0"]
[WhiteElo "2150"]
[BlackElo "2173"]
[PlyCount "115"]
[EventDate "2018.??.??"]

1. e4 c5 2. Nf3 d6 3. d4 cxd4 4. Qxd4 Nc6 5. Bb5 e6 6. c4 Nge7 7. Qd3 Qc7 8.
Nc3 Bd7 9. Bf4 Ng6 10. Bg3 Nge5 11. Nxe5 dxe5 12. O-O Rd8 13. Rac1 Bc5 14. a3
Bd4 15. b4 O-O 16. Ne2 Bc8 17. Qc2 a5 18. Bxc6 Qxc6 19. bxa5 Qc5 20. Qa4 Bd7
21. Qb4 Bc6 22. Nxd4 Qxd4 23. c5 f6 24. Rc4 Qd3 25. f3 Ra8 26. Rcc1 Rfd8 27.
Bf2 Qa6 28. Be1 Rd4 29. Qb1 Rad8 30. Rf2 h6 31. h3 Rd3 32. Qa2 Kf7 33. Kh2 Qb5
34. Rb2 Qa4 35. Bb4 Qb5 36. Qb1 Qa6 37. Bc3 Qa8 38. Rb6 Qc8 39. Qb3 R8d7 40.
Qc4 Qc7 41. Rcb1 Qc8 42. h4 g5 43. h5 g4 44. a6 Qg8 45. f4 exf4 46. axb7 Qg5
47. Kg1 f3 48. Qxd3 Rxd3 49. b8=Q f2+ 50. Kf1 Qxh5 51. Rxc6 Qh1+ 52. Ke2 f1=Q+
53. Rxf1 Qxg2+ 54. Kxd3 Qxf1+ 55. Kc2 Qe2+ 56. Kc1 Qf1+ 57. Kb2 Qe2+ 58. Ka1
1-0

[Event "SC Buer-Hassel 1 - SC Rochade Rüttensch"]
[Site "Verbandsklasse, Gruppe 3 2017"]
[Date "2018.04.29"]
[Round "9.2"]
[White "Bossy, Arnim"]
[Black "Khasin, Abram"]
[Result "0-1"]
[WhiteElo "2117"]
[BlackElo "2067"]
[Annotator "Daniel"]
[PlyCount "132"]
[EventDate "2018.??.??"]

1. d4 e6 2. e4 d5 3. exd5 exd5 4. Nf3 Bd6 5. c4 c6 6. Nc3 Ne7 7. Bd3 Nd7 8. O-O
dxc4 9. Bxc4 Nb6 10. Bb3 O-O 11. h3 Bf5 12. Bg5 h6 13. Bh4 $11 Qc7 14. Ne5 Bxe5
15. dxe5 Rad8 16. Qf3 Rd3 17. Qe2 Rd4 18. Bxe7 Qxe7 19. Rfe1 Re8 20. Rad1 Rxd1
21. Qxd1 Kf8 22. Qf3 Be6 23. Bc2 Nd7 24. Qe4 g6 25. Qe3 Qg5 26. f4 Qh4 27. Rf1
Bc4 28. Rf2 a5 29. Ne4 Bd5 30. Nd6 Re7 31. Nxb7 Nxe5 32. fxe5 Rxb7 33. Bxg6 Qg5
34. Qc5+ Kg7 35. Bf5 Qg3 36. Qd4 Rb4 37. Qd2 Qxe5 38. b3 Rd4 39. Qe2 Qxe2 40.
Rxe2 a4 41. Bc2 a3 42. Kf2 h5 43. Ke3 c5 44. g3 h4 45. gxh4 Rxh4 46. Bf5 Kf6
47. Rf2 Ke5 48. Bg4 Be6 49. Bxe6 fxe6 50. Rf3 Kd5 51. Rg3 e5 52. Rf3 Rh8 53.
Rg3 Rh5 54. Kd3 e4+ 55. Ke3 Ke5 56. Ke2 Kd4 57. Kd2 Rh8 58. Kc2 Rb8 59. h4 c4
60. bxc4 Rb2+ 61. Kd1 Rxa2 62. h5 e3 63. Rg5 Rd2+ 64. Kc1 Rh2 65. Ra5 Rh1+ 66.
Kc2 e2 0-1

[Event "SC Buer-Hassel 1 - SC Rochade Rüttensch"]
[Site "Verbandsklasse, Gruppe 3 2017"]
[Date "2018.04.29"]
[Round "9.3"]
[White "Koprek, Juergen"]
[Black "Wolff, Christoph"]
[Result "0-1"]
[WhiteElo "1826"]
[BlackElo "1961"]
[PlyCount "30"]
[EventDate "2018.??.??"]

1. d4 Nf6 2. c4 g6 3. Nc3 d5 4. Bg5 Ne4 5. Nxe4 dxe4 6. e3 Bg7 7. Qc2 c5 8. Ne2
cxd4 9. exd4 Nc6 10. Be3 O-O 11. a3 e5 12. O-O-O exd4 13. Nxd4 Nxd4 14. Bxd4
Bxd4 15. Qd2 Bf6 0-1

[Event "SC Buer-Hassel 1 - SC Rochade Rüttensch"]
[Site "Verbandsklasse, Gruppe 3 2017"]
[Date "2018.04.29"]
[Round "9.4"]
[White "Wiechen, Ulrich"]
[Black "Storp, Thomas"]
[Result "1/2-1/2"]
[WhiteElo "1929"]
[BlackElo "1808"]
[PlyCount "115"]
[EventDate "2018.??.??"]

1. e4 c5 2. Nf3 Nc6 3. d4 cxd4 4. Nxd4 d6 5. c4 Nf6 6. Nc3 g6 7. Be2 Bg7 8. Be3
O-O 9. O-O Bd7 10. Rc1 a6 11. Qd2 Rc8 12. h3 Nxd4 13. Bxd4 Bc6 14. Rfd1 e5 15.
Be3 Nxe4 16. Nxe4 Bxe4 17. Qxd6 Qxd6 18. Rxd6 Rfd8 19. Rcd1 Rxd6 20. Rxd6 Bf8
21. Rd1 Be7 22. Rd7 Kf8 23. Bf3 Bxf3 24. gxf3 Rxc4 25. Rxb7 f6 26. a3 h5 27.
Ra7 Rc6 28. b4 f5 29. Kf1 f4 30. Bd2 Kf7 31. a4 Rc2 32. Ke1 Rb2 33. Bc3 Rb1+
34. Ke2 g5 35. Bxe5 Ke6 36. Bc3 Bxb4 37. Rb7 a5 38. Rb5 Rb3 39. Bxb4 axb4 40.
Rxg5 Ra3 41. Rxh5 Rxa4 42. Kd3 Ra2 43. Ke4 Rxf2 44. Rh6+ Kf7 45. Kxf4 b3 46.
Rb6 b2 47. Kg3 Rc2 48. h4 Kg7 49. h5 Kh7 50. Kg4 Rg2+ 51. Kf5 Rc2 52. f4 Rc5+
53. Kg4 Rc2 54. Rb7+ Kh6 55. Rb8 Rg2+ 56. Kf5 Rc2 57. Rh8+ Kg7 58. Rb8 1/2-1/2

[Event "SC Buer-Hassel 1 - SC Rochade Rüttensch"]
[Site "Verbandsklasse, Gruppe 3 2017"]
[Date "2018.04.29"]
[Round "9.5"]
[White "Bruckmann, Jochen"]
[Black "Hirschberg, Markus"]
[Result "1-0"]
[WhiteElo "1783"]
[BlackElo "1796"]
[PlyCount "55"]
[EventDate "2018.??.??"]

1. e4 e6 2. d4 d5 3. Nd2 c5 4. c3 Nc6 5. Bb5 Bd7 6. Ngf3 cxd4 7. cxd4 dxe4 8.
Nxe4 Qa5+ 9. Nc3 Bb4 10. Qd3 Nf6 11. O-O O-O 12. Bf4 Rad8 13. a3 Be7 14. b4 Qb6
15. Na4 Nxb4 16. Nxb6 Nxd3 17. Nxd7 Nxf4 18. Nxf8 Kxf8 19. g3 N4d5 20. Rfc1 Ne4
21. Bd3 Nd6 22. Bc4 Nb6 23. Bb3 Nb5 24. a4 Nxd4 25. Nxd4 Rxd4 26. a5 Na8 27.
Rc8+ Rd8 28. Rac1 1-0

[Event "SC Buer-Hassel 1 - SC Rochade Rüttensch"]
[Site "Verbandsklasse, Gruppe 3 2017"]
[Date "2018.04.29"]
[Round "9.6"]
[White "Wingerning, Gerd"]
[Black "Furchtbar, Uwe"]
[Result "1-0"]
[WhiteElo "1741"]
[BlackElo "1778"]
[PlyCount "119"]
[EventDate "2018.??.??"]

1. e4 e5 2. Nf3 Nc6 3. Bc4 Nf6 4. Ng5 Bc5 5. Bxf7+ Ke7 6. Bb3 Rf8 7. O-O d6 8.
d3 h6 9. Nf3 Bg4 10. Be3 Nd7 11. Nbd2 Nd4 12. Bxd4 Bxd4 13. c3 Bb6 14. Qc2 Nc5
15. Bc4 Qe8 16. d4 Ne6 17. dxe5 Nf4 18. exd6+ cxd6 19. Nh4 Qh5 20. Nf5+ Kd8 21.
Rae1 Rc8 22. Bd3 Rf6 23. Ng3 Qh4 24. e5 Nh5 25. exf6 Nxg3 26. fxg7 Kc7 27. Be4
Nxf1 28. Rxf1 Qg5 29. Nf3 Qxg7 30. Qd3 Rd8 31. Qd5 Kb8 32. Nd4 Qe7 33. h3 Bc8
34. a4 Re8 35. Bf3 Qe5 36. Qxe5 dxe5 37. Nc2 e4 38. Bh5 Re5 39. Bg6 Bf5 40.
Bxf5 Rxf5 41. Ne3 Ra5 42. b3 Rg5 43. Rd1 h5 44. b4 Bc7 45. Rd5 Bf4 46. Rxg5
Bxg5 47. Kf1 Kc7 48. Ke2 Kd6 49. g3 h4 50. gxh4 Bf6 51. c4 a5 52. bxa5 Kc5 53.
h5 Bh8 54. Kf1 Kd6 55. Kg2 Ke5 56. Kg3 Kd4 57. Kf4 Kd3 58. h6 Bb2 59. h7 Bh8
60. c5 1-0